Normal view
MARC view
- Sayali Pardhi - 2k171094 & Dr. Jyoti Gaikwad - Guide
Entry Personal Name
001 - CONTROL NUMBER
- control field: 105003
003 - CONTROL NUMBER IDENTIFIER
- control field: OSt
005 - DATE AND TIME OF LATEST TRANSACTION
- control field: 20221007221231.0
008 - FIXED-LENGTH DATA ELEMENTS
- fixed length control field: 221007|| aca||aabn | a|a d
040 ## - CATALOGING SOURCE
- Original cataloging agency: OSt
- Transcribing agency: OSt
100 ## - HEADING--PERSONAL NAME
- Personal name: Sayali Pardhi - 2k171094 & Dr. Jyoti Gaikwad - Guide
670 ## - SOURCE DATA FOUND
- Source citation: Work cat.: (OSt)78124: Sayali Pardhi - 2k171094 & Dr. Jyoti Gaikwad - Guide, To Study Effectiveness Of Social Media Marketing As Branding Tool For Hoteliers, 2018